Seas - Sudden Death - Statistics

General Stats
  • This quiz has been taken 2,104 times
  • The average score is 10 of 17
Answers on the Grid
Answers color-coded by a green-red scale on the quiz's grid according to % correct below.
Antarctic
Arabian
Balearic
Baltic
Bering
Bismarck
Black
Bohemian
British
Brown
Caribbean
Coral
East China
Florissant
Kara
Korea
Labrador
Maroon
Mediterranean
New
Newfoundland
North
Norwegian
Portuguese
Red
Roberts
Seattle
Timor
Weddell
West
 
Answer Stats
Answer % Correct
Baltic
87%
Black
83%
Caribbean
81%
Mediterranean
79%
Arabian
74%
Red
73%
North
66%
Bering
65%
East China
64%
Coral
54%
Balearic
49%
Norwegian
42%
Labrador
33%
Timor
31%
Bismarck
25%
Kara
25%
Weddell
23%
No matching quizzes found
Score Distribution
Percent of People with Each Score
Percentile by Number Answered
Your Score History
You have not taken this quiz